| 000 | 003900000a22001570004500 | ||
|---|---|---|---|
| 003 | MACL | ||
| 005 | 20160110131822.0 | ||
| 008 | 160110b xxu||||| |||| 00| 0 eng d | ||
| 040 |
_aMACL _cMACL |
||
| 041 | _aEnglish | ||
| 082 | _a741.642/OXF | ||
| 245 | _aThe Ruined House | ||
| 260 |
_bOxford University Press _c1975 _aLondon |
||
| 650 |
_aChildrens Book _97875 |
||
| 942 |
_cBK _k741.642 _2ddc |
||
| 999 |
_c33948 _d33948 |
||